Οι ελληνικές υποθέσεις στο Στρασβούργο : 1991-2001

Αποθηκεύτηκε σε:
Λεπτομέρειες βιβλιογραφικής εγγραφής
Άλλοι συγγραφείς: Κρουσταλάκης, Ευάγγελος (Συγγραφέας εισαγωγής κ.λπ.), Νάσκου-Περράκη, Παρούλα (edtf), Κτιστάκις, Γιάννης (Επιμελητής έκδοσης)
Μορφή: Βιβλίο
Γλώσσα:Greek
Δημοσίευση: Αθήνα; Κομοτηνή : Σάκκουλας, Αντ. Ν., 2006
Σειρά:Βιβλιοθήκη Διεθνούς και Ευρωπαικού Οικονομικού Δικαίου ; 16
Θέματα:
Ετικέτες: Προσθήκη ετικέτας
Δεν υπάρχουν, Καταχωρήστε ετικέτα πρώτοι!

MARC

LEADER 00000cam a2200000 i 4500
001 1/47313
008 070703s2006 gr | ||| |||| ||gre||
020 |a 9601515860 
035 |l 10088609 
040 |a GR-MyUa  |b gre  |e AACR2 
041 0 |a gre 
082 7 |a 341.552   |2 (22) 
245 0 3 |a Οι ελληνικές υποθέσεις στο Στρασβούργο :   |b 1991-2001 /   |c πρόλογος: Ε. Κρουσταλάκη ; επιμέλεια: Π. Νάσκου-Περράκη, Γ. Κτιστάκις. 
260 |a Αθήνα; Κομοτηνή :   |b Σάκκουλας, Αντ. Ν.,   |c 2006 
300 |a 474 σ.;  |c 24 εκ. 
490 1 |a (Βιβλιοθήκη Διεθνούς και Ευρωπαϊκού Οικονομικού Δικαίου ;   |v 16) 
500 |a Εκδόθηκε σε συνεργασία με το Κέντρο Διεθνούς και Ευρωπαϊκού Οικονομικού Δικαίου. 
504 |a Βιβλιογραφία: σ. [433]-465. 
505 8 |a Τ. 1. Παρουσίαση και σχολιασμός όλων των υποθέσεων κατά της Ελλάδος που εκδικάστηκαν από το Ευρωπαϊκό Δικαστήριο Δικαιωμάτων του Ανθρώπου των ετών 1991 έως και 2001. 
610 2 0 |a European Court of Human Rights. 
650 0 |a Human rights  |z Europe  |x Cases. 
650 0 |a Human rights  |z Greece  |x Cases. 
700 1 |a Κρουσταλάκης, Ευάγγελος,  |e aui 
700 1 |a Νάσκου-Περράκη, Παρούλα,  |e edtf 
700 1 |a Κτιστάκις, Γιάννης,  |e edt 
830 0 |a Βιβλιοθήκη Διεθνούς και Ευρωπαικού Οικονομικού Δικαίου ;  |v 16 
852 |a INST  |b LESVOS  |e 20070703  |h 341.552 ΕΛΛ  |p 005100037872  |q 005100037872  |t BK  |y 0 
901 |a BIBL1-2007-2 
922 |a 1ΕΛΗ  |b 200705  |c ΕΠΕΑΕΚ2/ΤΚ  |d Σ. Πατάκης 
970 |a Βάρκα  |b Ελευθερία  |z 03/07/2007